| 000 -LEADER |
| fixed length control field |
00684cam a2200205 i 4500 |
| 003 - CONTROL NUMBER IDENTIFIER |
| control field |
OSt |
| 005 - DATE AND TIME OF LATEST TRANSACTION |
| control field |
20240727115917.0 |
| 008 - FIXED-LENGTH DATA ELEMENTS--GENERAL INFORMATION |
| fixed length control field |
160331s2017 nyu 000 0 eng |
| 010 ## - LIBRARY OF CONGRESS CONTROL NUMBER |
| LC control number |
2016009905 |
| 020 ## - INTERNATIONAL STANDARD BOOK NUMBER |
| International Standard Book Number |
9781616894924 (alk. paper) |
| 040 ## - CATALOGING SOURCE |
| Original cataloging agency |
DLC |
| Language of cataloging |
eng |
| Transcribing agency |
DLC |
| Description conventions |
rda |
| Modifying agency |
DLC |
| 042 ## - AUTHENTICATION CODE |
| Authentication code |
pcc |
| 082 00 - DEWEY DECIMAL CLASSIFICATION NUMBER |
| Classification number |
150.28/7 |
| Edition number |
23 |
| 245 00 - TITLE STATEMENT |
| Title |
Psychobook : |
| Remainder of title |
games, tests. questionnaires, histories / |
| Statement of responsibility, etc |
edited by Julian Rothenstein ; introduction by Lionel Shriver ; commentaries by Mel Gooding. |
| 300 ## - PHYSICAL DESCRIPTION |
| Extent |
191 pages ; |
| Dimensions |
31 cm |
| 650 #0 - SUBJECT ADDED ENTRY--TOPICAL TERM |
| Topical term or geographic name as entry element |
Psychological tests |
| General subdivision |
History. |
| 650 #0 - SUBJECT ADDED ENTRY--TOPICAL TERM |
| Topical term or geographic name as entry element |
Psychological tests |
| Form subdivision |
Miscellanea. |
| 700 1# - ADDED ENTRY--PERSONAL NAME |
| Personal name |
Rothenstein, Julian, |
| Dates associated with a name |
1948- |
| Relator term |
editor. |
| 942 ## - ADDED ENTRY ELEMENTS (KOHA) |
| Source of classification or shelving scheme |
|